00610 a2200181 450000100060000002000180000604000260002410000360005024000290008624500240011530000070013936200090014665000310015594200070018695201090019395201090030299900170041148443 a9788526013698 cAnchieta - Bela Vista aFurlani, Lúcia Maria Teixeira10aTudo é possívellpor10aTudo é possível a470 a2009 4aLiteratura infanto-juvenil cBK 00104070a91.4b91.4d2023-11-21l0o028.5 F985t FUR TUDp424/BELr2023-11-21 17:39:51w2023-11-21yBK 00104070a91.4b91.4d2023-11-21l0o028.5 F985t FUR TUDp481/BELr2023-11-21 17:39:51w2023-11-21yBK c48443d48443